Wortgemisch - Hauptstädte - Statistiken

Allgemein
  • Dieses Quiz wurde 16.410 mal gespielt
    2.875 seit der letzten Aktualisierung
  • Das Durchschnittsergebnis liegt bei 10 aus 20
Antwortstatistiken
Hauptstadt % Korrekt
Rom
96%
Bern
94%
Kiew
94%
Oslo
93%
Prag
93%
Wien
93%
Tokio
91%
Reykjavík
87%
Bogotá
84%
Lima
84%
Vaduz
84%
Baku
83%
Riga
83%
Bagdad
81%
Minsk
81%
Zagreb
81%
Doha
80%
Paris
80%
Brüssel
79%
Pjöngjang
78%
London
77%
Dakar
75%
Sofia
75%
Ankara
74%
Hanoi
74%
Lomé
74%
Malé
74%
Riad
74%
Skopje
73%
Tiflis
73%
Dhaka
72%
Havanna
72%
Luxemburg
72%
Monaco
72%
Apia
71%
Berlin
71%
Dili
70%
Peking
70%
Quito
69%
Vilnius
69%
Bangkok
68%
Amman
67%
Sanaa
67%
Madrid
66%
Tunis
66%
Kabul
65%
Ljubljana
65%
Accra
64%
Athen
64%
Jakarta
64%
Kairo
64%
Rabat
64%
Suva
64%
Seoul
63%
Dublin
62%
Ottawa
62%
Sarajevo
62%
Juba
61%
Chișinău
59%
Caracas
58%
Warschau
58%
Helsinki
57%
Tallinn
57%
Manama
56%
Priština
56%
Budapest
55%
Manila
55%
Moskau
55%
Abuja
54%
Jerusalem
53%
Taipeh
53%
Lissabon
52%
Belgrad
51%
Bratislava
51%
Valletta
51%
Beirut
50%
Nassau
50%
Aşgabat
49%
Jerewan
49%
Nairobi
49%
Tirana
49%
Dschibuti
48%
Kigali
48%
Podgorica
48%
Monrovia
47%
Stockholm
47%
Kampala
45%
Kathmandu
45%
Bischkek
44%
Maputo
44%
Amsterdam
43%
Asunción
43%
Damaskus
43%
Managua
43%
Dodoma
42%
Harare
42%
Kopenhagen
42%
Montevideo
41%
Thimphu
41%
Luanda
39%
Bamako
38%
Teheran
38%
Asmara
37%
Libreville
37%
Maskat
37%
Bissau
36%
Brasília
36%
Bukarest
36%
Conakry
36%
Islamabad
36%
Khartum
36%
Banjul
35%
Mogadischu
35%
Algier
34%
Naypyidaw
34%
Lusaka
33%
Mbabane
33%
Moroni
33%
Nikosia
32%
Vientiane
32%
Belmopan
31%
Kinshasa
31%
Praia
31%
Canberra
30%
Funafuti
30%
Gitega
30%
Niamey
30%
Singapur
30%
Victoria
30%
Bangui
29%
Jaunde
29%
Tripolis
29%
Yaren
29%
Wellington
28%
Windhoek
28%
Maseru
27%
Georgetown
26%
Palikir
26%
Majuro
25%
Nouakchott
25%
Taschkent
25%
Freetown
24%
Lilongwe
24%
Paramaribo
24%
Duschanbe
23%
Kingston
22%
Roseau
22%
Ngerulmud
21%
Gaborone
20%
Honiara
20%
Basseterre
19%
Kingstown
15%
Bridgetown
14%
Santiago
11%
Castries
6%
Keine übereinstimmenden Quizze gefunden
Verteilung der Resultate
Anzahl Personen mit jedem Resultat
Perzentil nach korrekt beantworteten Fragen
Ihre Resultats-Entwicklung
Sie haben dieses Quiz seit der letzten Aktualisierung nicht gespielt